00262nam a22001217a 4500003000400000082001400004100002400018245002700042260004100069300000800110650001200118653001000130SGT a340bD22H aHanda, Rajendra Lal aDilli jo ek sheher tha aHaryana, IndiabSGT Universityc2022 a145 aHistory aDelhi